Представление документа в формате MARC21

Поле Инд. ПП Название Значение
Тип записи a
Библиографический уровень m
001 Контрольный номер 36b7baeb-6d52-455a-9493-ccd7e0919636
005 Дата корректировки 20140227014308.4
008 Кодируемые данные 040505
020 c Цена, тираж 350.00
040 a Служба первич. каталог. НБ ТвГУ
041 a Код языка текста rus
080 a Индекс УДК 58
084 a Индекс другой классификации/Индекс ББК Е5
090 x Авторский знак Ж71
a Полочн. индекс 58
245 10 a Заглавие Жизнь растений
n Номер части/ раздела Т. 4
p Название части/ раздела Мхи. Плауны. Хвощи. Папоротники. Голосеменные растения / А. Л. Тахтаджян, А. С. Лазаренко, И. В. Грушвицкий и др.
b Продолж. заглавия В 6 т.
c Ответственность Гл. ред. А. А. Федоров
260 0_ a Место издания Москва
b Издательство Просвещение
c Дата издания 1978
300 a Объем 447 с.
b Иллюстрации/ тип воспроизводства ил., карты, [32] л. ил.
504 a Библиография Указ. терминов рус. и лат. назв. растений и имен: с. 421-443.
583 a Действие Приписка 195 30.04.2004
k Исполнитель действия ООО "Букинист"
650 a Основная рубрика Растения
650 a Основная рубрика Ботаника
653 a Ключевые слова Растения
a Ключевые слова Мхи
a Ключевые слова Плауны
a Ключевые слова Хвощи
a Ключевые слова Папоротники
a Ключевые слова Голосеменные растения
700 1_ a Другие авторы Федоров Александр Александрович
e Роль лиц ред.
700 1_ a Другие авторы Тахтаджян Армен Леонович
e Роль лиц авт.
700 1_ a Другие авторы Лазаренко А. С.
e Роль лиц авт.
700 1_ a Другие авторы Грушвицкий И. В.
e Роль лиц авт., ред.
700 1_ a Другие авторы Жилин С. Г.
e Роль лиц ред.
852 t Порядковый номер экземпляра 3
p Инвентарный номер 783682
p Инвентарный номер 445429
p Инвентарный номер 445431
852 t Порядковый номер экземпляра 1
p Инвентарный номер 445428
863 t 00026113
888 a За счет средств университета
952 p 195.2004 350.00 1 783682
c Вид литературы К рн
954 a Дата поступления на обработку 20040923
999 a Подразделение 2 Фил3
a Подразделение 2 ч.з.